| 000 | 00614cab a2200193 4500 | ||
|---|---|---|---|
| 001 | ABS40729 | ||
| 008 | 090401t1989 xxu||||| |||| 00| 0 eng d | ||
| 035 | _a(Sirsi) u25767 | ||
| 041 | _aeng | ||
| 100 | _aFidler, J. | ||
| 245 | _aSmoke signals | ||
| 260 | _c1989 | ||
| 350 | _a0 | ||
| 490 |
_aTraditional Homes _vJune 1989, 143-145(3) |
||
| 520 | _aAn examination of methods for detecting problems in chimneys . Identifies the causes of chimney decay and describes the application of video surveys as a useful tool for flue surveying. | ||
| 690 | _aBUILT ENVIRONMENT | ||
| 942 | _n0 | ||
| 948 | _c04/03/1997 | ||
| 999 |
_c17317 _d17317 |
||